<?xml version='1.0' encoding='UTF-8'?>
  <record xmlns="http://www.loc.gov/MARC21/slim">
    <leader>00000cem a22000007i 4500</leader>
    <controlfield tag="001">ocn902704603</controlfield>
    <controlfield tag="003">OCoLC</controlfield>
    <controlfield tag="005">20231213210205.5</controlfield>
    <controlfield tag="007">aj aauun</controlfield>
    <controlfield tag="008">150202s1626    ne        a     0   lat d</controlfield>
    <datafield tag="040" ind1=" " ind2=" ">
      <subfield code="a">NLGGC</subfield>
      <subfield code="b">dut</subfield>
      <subfield code="e">fobidrtb</subfield>
      <subfield code="c">NLGGC</subfield>
      <subfield code="d">QGJ</subfield>
      <subfield code="d">OCLCO</subfield>
      <subfield code="d">QGJ</subfield>
      <subfield code="d">OCLCF</subfield>
      <subfield code="d">OCLCL</subfield>
    </datafield>
    <datafield tag="035" ind1=" " ind2=" ">
      <subfield code="a">(OCoLC)902704603</subfield>
    </datafield>
    <datafield tag="100" ind1="1" ind2=" ">
      <subfield code="a">Barentsz, Willem,</subfield>
      <subfield code="d">ca. 1550-1597.</subfield>
      <subfield code="4">ctg</subfield>
      <subfield code="1">https://id.oclc.org/worldcat/entity/E39PBJtRK3DvY7vKPTRD6ghmBP</subfield>
    </datafield>
    <datafield tag="245" ind1="1" ind2="0">
      <subfield code="a">Hydrographica descriptio maris Mediterran. in qua orae maritimae Hispaniae a Charidemo, usque ad Artemisium promontorium, Ebusus item insula, et Barbariae orae a promont. (quod dicitz, Cap. de Hone) Juliã Caesaream usque, necnon et portus, promontoria, ins. adjacentes, vada, brevia et syrtes accuratissime describuntur /</subfield>
      <subfield code="c">seer neerstigh beschrevê door Willem Barentsoen.</subfield>
      <subfield code="b">Beschryvinge vande zeecusten van Spaengen beginnende van Cabo dagata tot de C. Martin, midschaders het eyland Yviça ende ooc de Barbarische custe van Caep de Home tot de stad van Alger, met alle havenen, reeden, bayen, ondiepten, clippê, sanden, ende ander drooghten.</subfield>
    </datafield>
    <datafield tag="246" ind1="3" ind2="1">
      <subfield code="a">Beschryvinge vande zeecusten van Spaengen beginnende van Cabo dagata tot de C. Martin, midschaders het eyland Yviça ende ooc de Barbarische custe van Caep de Home tot de stad van Alger, met alle havenen, reeden, bayen, ondiepten, clippê, sanden, ende ander drooghten</subfield>
    </datafield>
    <datafield tag="260" ind1=" " ind2=" ">
      <subfield code="a">A Amsterdam :</subfield>
      <subfield code="b">chez Jean Jeanssz.,</subfield>
      <subfield code="c">1626.</subfield>
    </datafield>
    <datafield tag="300" ind1=" " ind2=" ">
      <subfield code="a">1 krt. :</subfield>
      <subfield code="b">koperdiepdruk ;</subfield>
      <subfield code="c">37 x 33 cm</subfield>
    </datafield>
    <datafield tag="336" ind1=" " ind2=" ">
      <subfield code="a">cartografische afbeelding</subfield>
      <subfield code="b">cri</subfield>
      <subfield code="2">rdacontent/dut</subfield>
    </datafield>
    <datafield tag="337" ind1=" " ind2=" ">
      <subfield code="a">zonder medium</subfield>
      <subfield code="b">n</subfield>
      <subfield code="2">rdamedia/dut</subfield>
    </datafield>
    <datafield tag="338" ind1=" " ind2=" ">
      <subfield code="a">vel</subfield>
      <subfield code="b">nb</subfield>
      <subfield code="2">rdacarrier/dut</subfield>
    </datafield>
    <datafield tag="500" ind1=" " ind2=" ">
      <subfield code="a">Deel van: Description de la Mer Mediterranée, auquel sont deliniees au vif toutes les costes de la Mer Mediterranée [...] - A Amsterdam : chez Jean Jeanssz., 1626 ; Franstalige uitg. van: Caertboeck vande Midlandtsche Zee / door Willem Barentsz.</subfield>
    </datafield>
    <datafield tag="500" ind1=" " ind2=" ">
      <subfield code="a">Zie: 'Toonneel des Aerdrijcx', nr. 24; Willem Barentsz., 'Caertboeck vande Midlandtsche Zee', Amsterdam 1595, (facsimile with introduction by C. Koeman). Amsterdam, Theatrum Orbis Terrarum Ltd., 1970.</subfield>
    </datafield>
    <datafield tag="510" ind1="0" ind2=" ">
      <subfield code="a">Koeman 4, 21-26 (Bar 5)</subfield>
    </datafield>
    <datafield tag="651" ind1=" " ind2="0">
      <subfield code="a">Mediterranean Sea</subfield>
      <subfield code="v">Maps.</subfield>
    </datafield>
    <datafield tag="651" ind1=" " ind2="7">
      <subfield code="a">Mediterranean Sea.</subfield>
      <subfield code="2">fast</subfield>
      <subfield code="0">(OCoLC)fst01239753</subfield>
    </datafield>
    <datafield tag="651" ind1=" " ind2="7">
      <subfield code="a">Middellandse-Zeegebied.</subfield>
      <subfield code="0">(NL-LeOCL)078590760.</subfield>
      <subfield code="2">gtt</subfield>
    </datafield>
    <datafield tag="655" ind1=" " ind2="7">
      <subfield code="a">Maps.</subfield>
      <subfield code="2">fast</subfield>
      <subfield code="0">(OCoLC)fst01423704</subfield>
    </datafield>
    <datafield tag="655" ind1=" " ind2="7">
      <subfield code="a">Nautical charts.</subfield>
      <subfield code="2">fast</subfield>
      <subfield code="0">(OCoLC)fst01752706</subfield>
    </datafield>
    <datafield tag="655" ind1=" " ind2="7">
      <subfield code="a">Kaarten (vorm)</subfield>
      <subfield code="0">(NL-LeOCL)088143554.</subfield>
      <subfield code="2">gtt</subfield>
    </datafield>
    <datafield tag="655" ind1=" " ind2="7">
      <subfield code="a">Nautical charts.</subfield>
      <subfield code="2">lcgft</subfield>
    </datafield>
  </record>